| 000 | 00477nam a22001577a 4500 | ||
|---|---|---|---|
| 999 |
_c9259 _d9259 |
||
| 008 | 210331b ||||| |||| 00| 0 eng d | ||
| 040 | _aBMS College of Architecture | ||
| 100 | _aH, Swarna | ||
| 245 | _aNational Institute of design Bangalore | ||
| 300 | _a68p. | ||
| 500 | _a1BM01AT033 | ||
| 502 |
_8B.Arch _NBMS College of Architecture, Visvesvaraya Technological University _aProject report _d2005 |
||
| 650 | _aInstitute | ||
| 700 |
_aSatish Rao _eGuide |
||
| 942 |
_2ddc _cTHE |
||